[Event "Liberec Desko op"]
[Site "Liberec"]
[Date "2013.07.24"]
[Round "6"]
[White "Dobrowolski, Marcin"]
[Black "Karlik, Vladimir"]
[Result "1/2-1/2"]
[WhiteElo "1984"]
[BlackElo "2297"]
[PlyCount "98"]
[EventDate "2013.07.20"]
[EventType "swiss"]
[EventRounds "9"]
[EventCountry "CZE"]
[SourceTitle "CBM 155 Extra"]
[Source "ChessBase"]
[SourceDate "2013.08.26"]
[SourceVersion "1"]
[SourceVersionDate "2013.08.26"]
[SourceQuality "1"]

1. d4 d6 2. c4 Nd7 3. Nc3 e5 4. Nf3 Ngf6 5. e4 g6 6. Be2 Bg7 7. h3 0-0 8. 0-0 exd4 9. Nxd4 Re8 10. Bf3 h6 11. Be3 Nh7 12. Qd2 Ng5 13. Rad1 Nc5 14. Bxg5 hxg5 15. b4 Nd7 16. Nd5 Ne5 17. Be2 g4 18. hxg4 Nxg4 19. f3 Nf6 20. a3 Nh5 21. g4 Ng3 22. Rf2 Bxg4 23. fxg4 Nxe4 24. Qf4 Nxf2 25. Qxf2 c6 26. Ne3 Qg5 27. Ng2 Re7 28. Bf3 Be5 29. b5 c5 30. Nc2 Kg7 31. Qh4 Qxh4 32. Nxh4 Rh8 33. Ng2 Rh3 34. Nge1 Bf4 35. Rd3 b6 36. a4 f5 37. gxf5 gxf5 38. Bg2 Rxd3 39. Nxd3 Re2 40. Nde1 Be3+ 41. Nxe3 Rxe3 42. Kf2 Ra3 43. Bd5 Kf6 44. Nf3 f4 45. Kg2 Rxa4 46. Kh3 Kf5 47. Nh4+ Ke5 48. Nf3+ Kf5 49. Nh4+ Ke5 1/2-1/2

[Event "POL-ch Amateur"]
[Site "Wroclaw"]
[Date "2013.??.??"]
[Round "3"]
[White "Gromnicki, Janusz"]
[Black "Dobrowolski, Marcin"]
[Result "0-1"]
[WhiteElo "1669"]
[BlackElo "1984"]
[PlyCount "90"]
[EventDate "2013.06.??"]
[EventType "swiss"]
[EventRounds "9"]
[EventCountry "POL"]
[SourceTitle "EXT 2014"]
[Source "ChessBase"]
[SourceDate "2013.11.20"]
[SourceVersion "1"]
[SourceVersionDate "2013.11.20"]
[SourceQuality "1"]

1. e4 g6 2. d4 Bg7 3. Be3 d6 4. Qd2 Nd7 5. Nf3 Ngf6 6. Nc3 Ng4 7. Bf4 e5 8. Bg5 f6 9. Bh4 Nb6 10. h3 exd4 11. Nxd4 Ne5 12. 0-0-0 Bd7 13. b3 Qe7 14. a4 a5 15. Ndb5 Bxb5 16. axb5 a4 17. f4 Ned7 18. Nd5 Nxd5 19. Qxd5 Nb6 20. Qxb7 0-0 21. Bc4+ Kh8 22. Bf2 axb3 23. Bxb3 Rfb8 24. Qc6 f5 25. Rhe1 d5 26. e5 Qb4 27. Bd4 Nc4 28. Bxc4 dxc4 29. Re3 Ra2 30. Rc3 Ra1+ 31. Kd2 Rxd1+ 32. Kxd1 Rd8 33. Qxc4 Rxd4+ 34. Qxd4 Qxd4+ 35. Rd3 Qg1+ 36. Kd2 Qxg2+ 37. Kc3 h6 38. Kc4 Qe4+ 39. Rd4 Qxc2+ 40. Kd5 Bf8 41. Rc4 Qd3+ 42. Rd4 Qxb5+ 43. Ke6 Qe8+ 44. Kd5 Kg7 45. Rc4 Qd7# 0-1

[Event "POL-chT 2nd League"]
[Site "Mrzezyno"]
[Date "2011.09.10"]
[Round "8.76"]
[White "Dobrowolski, Marcin"]
[Black "Swiatnicki, Andrzej"]
[Result "1/2-1/2"]
[WhiteElo "1955"]
[BlackElo "2104"]
[PlyCount "61"]
[EventDate "2011.09.03"]
[EventType "team-swiss"]
[EventRounds "9"]
[EventCountry "POL"]
[SourceTitle "EXT 2019"]
[Source "ChessBase"]
[SourceDate "2018.10.10"]
[SourceVersion "1"]
[SourceVersionDate "2018.10.10"]
[SourceQuality "1"]
[WhiteTeam "Otwock UKS MDK"]
[BlackTeam "Konin Hetman"]
[WhiteTeamCountry "POL"]
[BlackTeamCountry "POL"]

1. d4 d5 2. c4 c6 3. Nc3 Nf6 4. Nf3 Qb6 5. e3 Bf5 6. cxd5 cxd5 7. Bd3 Bxd3 8. Qxd3 Nc6 9. 0-0 e6 10. Bd2 Be7 11. Na4 Qc7 12. Rac1 Bd6 13. b4 a6 14. Nc5 0-0 15. a4 Bxc5 16. Rxc5 Ne4 17. Rc2 Qd6 18. Rb1 Nxd2 19. Qxd2 a5 20. b5 Nb4 21. Rc5 b6 22. Rc3 f6 23. Ne1 Rac8 24. Rbc1 Rxc3 25. Rxc3 Rf7 26. Qc1 Rd7 27. Nd3 Nxd3 28. Rxd3 Rc7 29. Rc3 Rxc3 30. Qxc3 Kf7 31. g3 1/2-1/2

[Event "POL-ch Amateurs"]
[Site "Wroclaw"]
[Date "2011.07.03"]
[Round "6"]
[White "Dobrowolski, Marcin"]
[Black "Bes, Michal"]
[Result "1/2-1/2"]
[WhiteElo "1945"]
[BlackElo "1906"]
[PlyCount "119"]
[EventDate "2011.07.01"]
[EventType "swiss"]
[EventRounds "7"]
[EventCountry "POL"]
[SourceTitle "EXT 2023"]
[Source "ChessBase"]
[SourceDate "2022.10.05"]
[SourceVersion "1"]
[SourceVersionDate "2022.10.05"]
[SourceQuality "1"]

1. d4 c5 2. c3 d5 3. Nf3 Nc6 4. Bf4 Nf6 5. e3 Qb6 6. b3 Bg4 7. Be2 cxd4 8. Nxd4 Bxe2 9. Qxe2 g6 10. 0-0 Bg7 11. Nd2 0-0 12. Nxc6 bxc6 13. Be5 a5 14. c4 Rfc8 15. Rac1 Qa6 16. Qf3 Qb7 17. Rc2 Nd7 18. Bxg7 Kxg7 19. Rfc1 e6 20. cxd5 cxd5 21. e4 Nb6 22. Qe3 Rxc2 23. Rxc2 Rd8 24. exd5 Rxd5 25. h3 Qb8 26. Rc5 Qd6 27. Rxd5 Nxd5 28. Qd4+ e5 29. Nc4 exd4 30. Nxd6 Nb4 31. a3 Nc2 32. Nc4 d3 33. Kf1 Kf6 34. Nb2 Ke5 35. Nxd3+ Kd4 36. Ke2 Nxa3 37. Kd2 Nb5 38. Ne1 Nd6 39. Nc2+ Ke4 40. Kc3 f5 41. Ne3 f4 42. Nc4 Nb7 43. Nd2+ Kd5 44. Nc4 g5 45. Nd2 Nd6 46. Kd3 h6 47. g3 Nf5 48. gxf4 gxf4 49. Nc4 Nd4 50. Nxa5 h5 51. b4 h4 52. Nc4 Ne6 53. b5 Nc5+ 54. Kc3 Ne4+ 55. Kd3 Nxf2+ 56. Ke2 Nxh3 57. b6 Kc6 58. Kf3 Ng5+ 59. Kxf4 h3 60. Kg3 1/2-1/2

[Event "POL-ch Amateurs"]
[Site "Wroclaw"]
[Date "2011.07.02"]
[Round "4"]
[White "Dobrowolski, Marcin"]
[Black "Filipek, Halina"]
[Result "1-0"]
[WhiteElo "1945"]
[BlackElo "1737"]
[PlyCount "81"]
[EventDate "2011.07.01"]
[EventType "swiss"]
[EventRounds "7"]
[EventCountry "POL"]
[SourceTitle "EXT 2023"]
[Source "ChessBase"]
[SourceDate "2022.10.05"]
[SourceVersion "1"]
[SourceVersionDate "2022.10.05"]
[SourceQuality "1"]

1. e4 d6 2. d4 Nf6 3. Nc3 e5 4. Nf3 Nbd7 5. g4 h6 6. g5 hxg5 7. Nxg5 Be7 8. Bc4 Nd5 9. Nxf7 Kxf7 10. Bxd5+ Kf8 11. Be3 Nf6 12. Bb3 c6 13. Qe2 b5 14. 0-0-0 Qc7 15. f3 a5 16. a4 bxa4 17. Nxa4 Rb8 18. dxe5 dxe5 19. Qc4 Rxb3 20. Qxb3 Rh3 21. Bb6 Qb8 22. Rd3 g6 23. Bxa5 Qa7 24. Qb6 Qxb6 25. Bxb6 Ba6 26. Rc3 Bb5 27. Nc5 Kf7 28. Bc7 Rh5 29. Rg1 Ne8 30. Bb8 Bg5+ 31. Kb1 Bd2 32. Ra3 Kg7 33. Nd3 Kf6 34. Nxe5 Rxe5 35. Bxe5+ Kxe5 36. Rxg6 Nd6 37. h4 Nc4 38. Ra8 Be3 39. h5 Nd2+ 40. Ka1 Bc4 41. h6 1-0

[Event "POL-chT3 Mazowiecki"]
[Site "Warsaw"]
[Date "2011.03.06"]
[Round "7.21"]
[White "Chomczyk, Marek"]
[Black "Dobrowolski, Marcin"]
[Result "0-1"]
[WhiteElo "1696"]
[BlackElo "1948"]
[PlyCount "116"]
[EventDate "2011.01.09"]
[EventType "team-tourn"]
[EventRounds "10"]
[EventCountry "POL"]
[SourceTitle "EXT 2015"]
[Source "ChessBase"]
[SourceDate "2014.11.20"]
[SourceVersion "1"]
[SourceVersionDate "2014.11.20"]
[SourceQuality "1"]
[WhiteTeam "Warszawa Polonia"]
[BlackTeam "Otwock UKS MDK"]
[WhiteTeamCountry "POL"]
[BlackTeamCountry "POL"]

1. e4 g6 2. d4 Bg7 3. Nc3 c6 4. Bc4 d5 5. exd5 b5 6. Bb3 b4 7. Ne4 cxd5 8. Nc5 Nf6 9. Bf4 0-0 10. Nf3 Bg4 11. h3 Bxf3 12. Qxf3 Nc6 13. Rd1 e6 14. c3 a5 15. 0-0 Nd7 16. Ba4 Nxc5 17. Bxc6 Rc8 18. dxc5 Rxc6 19. Bd6 Re8 20. c4 Qf6 21. Qxf6 Bxf6 22. cxd5 exd5 23. Rfe1 Rxe1+ 24. Rxe1 Bxb2 25. Re8+ Kg7 26. Ra8 Kf6 27. Kf1 Be5 28. Bf8 Kf5 29. Ke2 Ke4 30. Rxa5 Kd4 31. Rb5 Kc4 32. Rb7 Ra6 33. c6 Rxa2+ 34. Ke3 b3 35. c7 Ra8 36. Bg7 Bd6 37. Kd2 Rc8 38. Rb6 Bxc7 39. Ra6 Kb5 40. Ra7 Bb6 41. Rb7 Rc2+ 42. Kd3 Kc6 43. Rxf7 Rxf2 44. Rxf2 Bxf2 45. Kc3 d4+ 46. Kxb3 Kd5 47. Kc2 Ke4 48. Kd2 d3 49. Bh6 Bb6 50. h4 Ba5+ 51. Kd1 Kf5 52. h5 g5 53. Bf8 Kg4 54. Bd6 Kxh5 55. g3 Kg4 56. Be5 h5 57. Bd6 h4 58. gxh4 Kxh4 0-1

[Event "POL-chT3 Mazowiecki"]
[Site "Warsaw"]
[Date "2011.02.06"]
[Round "5.4"]
[White "Milczarek, Robert"]
[Black "Dobrowolski, Marcin"]
[Result "1/2-1/2"]
[WhiteElo "1882"]
[BlackElo "1948"]
[PlyCount "36"]
[EventDate "2011.01.09"]
[EventType "team-tourn"]
[EventRounds "10"]
[EventCountry "POL"]
[SourceTitle "EXT 2015"]
[Source "ChessBase"]
[SourceDate "2014.11.20"]
[SourceVersion "1"]
[SourceVersionDate "2014.11.20"]
[SourceQuality "1"]
[WhiteTeam "Piastow Roszmeni"]
[BlackTeam "Otwock UKS MDK"]
[WhiteTeamCountry "POL"]
[BlackTeamCountry "POL"]

1. d4 g6 2. c4 Bg7 3. Nc3 d6 4. e4 Nc6 5. Be3 e5 6. d5 Nd4 7. Nb5 Nxb5 8. cxb5 f5 9. f3 fxe4 10. Qc2 exf3 11. Nxf3 Bf5 12. Qc4 Nf6 13. Rc1 Rc8 14. Be2 0-0 15. 0-0 Qd7 16. h3 Qe7 17. Bg5 h6 18. Bh4 g5 1/2-1/2

[Event "Rewal op-A 15th"]
[Site "Rewal"]
[Date "2010.08.26"]
[Round "7"]
[White "Sroka, Janusz"]
[Black "Dobrowolski, Marcin"]
[Result "1/2-1/2"]
[WhiteElo "2148"]
[BlackElo "1964"]
[PlyCount "137"]
[EventDate "2010.08.19"]
[EventType "swiss"]
[EventRounds "9"]
[EventCountry "POL"]
[SourceTitle "EXT 2013"]
[Source "ChessBase"]
[SourceDate "2012.11.22"]
[SourceVersion "1"]
[SourceVersionDate "2012.11.22"]
[SourceQuality "1"]

1. e4 d6 2. d4 Nf6 3. Nc3 g6 4. f4 Bg7 5. Nf3 0-0 6. Be3 Na6 7. Bd3 c5 8. Qd2 Ng4 9. Bg1 cxd4 10. Nxd4 e5 11. fxe5 dxe5 12. Nf3 Qa5 13. h3 Nf6 14. Be3 Be6 15. 0-0 Nc5 16. b4 Qxb4 17. Rfb1 Qa5 18. Rb5 Ncxe4 19. Nxe4 Qxd2 20. Nfxd2 Nxe4 21. Bxe4 Rac8 22. Rc1 b6 23. Bd5 Bxd5 24. Rxd5 Rc3 25. Bg5 f5 26. Nf3 e4 27. Nd4 Re8 28. Nb5 Rc4 29. Nd6 Rd4 30. c4 Re6 31. Nb5 Rd3 32. Rd1 Rxd1+ 33. Rxd1 h6 34. Rd8+ Kh7 35. Be3 g5 36. Rd7 Kg6 37. Bd4 Bf8 38. Rd8 Bb4 39. a3 Ba5 40. Rd6 Kf7 41. Rxe6 Kxe6 42. Nxa7 f4 43. Kf2 h5 44. Nc6 Bd2 45. Bxb6 g4 46. hxg4 hxg4 47. a4 Kf5 48. a5 e3+ 49. Ke2 Ke4 50. Bxe3 Bxe3 51. a6 f3+ 52. gxf3+ gxf3+ 53. Kf1 Bc5 54. Na5 Ke5 55. Nb3 Ba7 56. c5 Kd5 57. Kf2 Kc4 58. Kxf3 Kb5 59. Ke4 Kxa6 60. c6 Kb6 61. Kd5 Kc7 62. Na5 Bf2 63. Nb7 Bg3 64. Na5 Kc8 65. Nc4 Bh2 66. Nd6+ Bxd6 67. Kxd6 Kd8 68. c7+ Kc8 69. Kc6 1/2-1/2

[Event "Rewal op-A 15th"]
[Site "Rewal"]
[Date "2010.08.25"]
[Round "6"]
[White "Motyl, Tomasz"]
[Black "Dobrowolski, Marcin"]
[Result "1/2-1/2"]
[WhiteElo "2015"]
[BlackElo "1964"]
[PlyCount "34"]
[EventDate "2010.08.19"]
[EventType "swiss"]
[EventRounds "9"]
[EventCountry "POL"]
[SourceTitle "EXT 2013"]
[Source "ChessBase"]
[SourceDate "2012.11.22"]
[SourceVersion "1"]
[SourceVersionDate "2012.11.22"]
[SourceQuality "1"]

1. g3 g6 2. Bg2 Bg7 3. e4 d6 4. f4 Nc6 5. Nf3 e5 6. Nc3 exf4 7. gxf4 Bg4 8. 0-0 Nge7 9. d3 0-0 10. Qe1 f5 11. Bd2 Qd7 12. Qh4 Nd4 13. Nxd4 Bxd4+ 14. Kh1 Rae8 15. Rae1 Nc6 16. Bf3 Bxf3+ 17. Rxf3 fxe4 1/2-1/2

[Event "Rewal op-A 15th"]
[Site "Rewal"]
[Date "2010.08.23"]
[Round "4"]
[White "Latocha, Aleksander"]
[Black "Dobrowolski, Marcin"]
[Result "1/2-1/2"]
[WhiteElo "1929"]
[BlackElo "1964"]
[PlyCount "72"]
[EventDate "2010.08.19"]
[EventType "swiss"]
[EventRounds "9"]
[EventCountry "POL"]
[SourceTitle "EXT 2013"]
[Source "ChessBase"]
[SourceDate "2012.11.22"]
[SourceVersion "1"]
[SourceVersionDate "2012.11.22"]
[SourceQuality "1"]

1. e4 g6 2. d4 Bg7 3. Nf3 d6 4. Nc3 Nf6 5. Bg5 h6 6. Bh4 0-0 7. Bc4 Nxe4 8. Nxe4 d5 9. Qe2 dxc4 10. Qxc4 Be6 11. Qd3 Nd7 12. h3 c5 13. 0-0 Rc8 14. Nd6 Rb8 15. d5 Ne5 16. Nxe5 Qxd6 17. dxe6 Bxe5 18. exf7+ Rxf7 19. Qb3 Kg7 20. Rad1 Qc6 21. c3 Rbf8 22. Qd5 Qc7 23. f3 b6 24. Rfe1 Bf6 25. Bxf6+ exf6 26. Qd6 Qxd6 27. Rxd6 Rc8 28. c4 Rcc7 29. Kf2 Rfe7 30. Red1 Re5 31. Rd7+ Re7 32. Rd8 h5 33. R1d6 g5 34. Rd5 h4 35. b3 Rc6 36. R8d7 Rce6 1/2-1/2

[Event "Kowalewo Pomorskie op-B 17th"]
[Site "Kowalewo Pomorskie"]
[Date "2010.07.10"]
[Round "9"]
[White "Dobrowolski, Marcin"]
[Black "Jasnikowska, Daria"]
[Result "1/2-1/2"]
[WhiteElo "1964"]
[BlackElo "1650"]
[PlyCount "59"]
[EventDate "2010.07.04"]
[EventType "swiss"]
[EventRounds "9"]
[EventCountry "POL"]
[SourceTitle "EXT 2011"]
[Source "ChessBase"]
[SourceDate "2010.11.26"]
[SourceVersion "1"]
[SourceVersionDate "2010.11.26"]
[SourceQuality "1"]

1. d4 d5 2. c4 e6 3. Nc3 Nf6 4. cxd5 exd5 5. Bg5 Be7 6. e3 b6 7. Bd3 Bb7 8. Nf3 Nbd7 9. Qc2 Rc8 10. 0-0 0-0 11. Bf5 g6 12. Bh3 Nh5 13. Bh6 Re8 14. Ne5 f5 15. g4 Nxe5 16. dxe5 fxg4 17. Bxg4 Ra8 18. h3 Ng7 19. Rad1 c6 20. f4 Bc8 21. Bxg7 Kxg7 22. e4 Bc5+ 23. Kg2 d4 24. Na4 Qe7 25. Nxc5 bxc5 26. Rc1 Ba6 27. Be2 Bxe2 28. Qxe2 Rab8 29. b3 g5 30. Qg4 1/2-1/2

[Event "Kowalewo Pomorskie op-B 17th"]
[Site "Kowalewo Pomorskie"]
[Date "2010.07.08"]
[Round "6"]
[White "Paczka, Patryk"]
[Black "Dobrowolski, Marcin"]
[Result "0-1"]
[WhiteElo "1702"]
[BlackElo "1964"]
[PlyCount "93"]
[EventDate "2010.07.04"]
[EventType "swiss"]
[EventRounds "9"]
[EventCountry "POL"]
[SourceTitle "EXT 2011"]
[Source "ChessBase"]
[SourceDate "2010.11.26"]
[SourceVersion "1"]
[SourceVersionDate "2010.11.26"]
[SourceQuality "1"]

1. e4 g6 2. d4 Bg7 3. f4 d5 4. e5 Nh6 5. Nf3 Bg4 6. Be3 0-0 7. Bd3 f6 8. 0-0 fxe5 9. fxe5 Nf5 10. Qd2 c5 11. Bxf5 Rxf5 12. c3 Nc6 13. Na3 Bxf3 14. Rxf3 Rxf3 15. gxf3 Qd7 16. Rf1 Rf8 17. f4 cxd4 18. cxd4 a6 19. Nc2 Qh3 20. Qg2 Qxg2+ 21. Kxg2 Kf7 22. Ne1 Ke6 23. Nd3 b6 24. f5+ Rxf5 25. Nf4+ Rxf4 26. Rxf4 Bh6 27. Rf3 Bxe3 28. Rxe3 Nxd4 29. h4 Kf5 30. Kg3 Nc6 31. Rd3 Na5 32. Rf3+ Kxe5 33. Rf7 Nc6 34. Rxh7 d4 35. Kf3 Kd5 36. Ke2 e6 37. Rb7 Kc5 38. Rc7 Kd5 39. Rb7 Ne5 40. Rxb6 d3+ 41. Kd1 Nc4 42. Rxa6 Nxb2+ 43. Kd2 Kd4 44. Rd6+ Ke5 45. Rxd3 Nxd3 46. Kxd3 Kf4 47. Ke2 0-1

[Event "Rewal op-B 14th"]
[Site "Rewal"]
[Date "2009.08.26"]
[Round "6"]
[White "Dobrowolski, Marcin"]
[Black "Milanowski, Jan"]
[Result "1-0"]
[WhiteElo "1948"]
[BlackElo "2109"]
[PlyCount "61"]
[EventDate "2009.08.20"]
[EventType "swiss"]
[EventRounds "9"]
[EventCountry "POL"]
[SourceTitle "EXT 2011"]
[Source "ChessBase"]
[SourceDate "2010.11.26"]
[SourceVersion "1"]
[SourceVersionDate "2010.11.26"]
[SourceQuality "1"]

1. d4 d6 2. Nc3 c6 3. e4 Nf6 4. f4 Qa5 5. Bd3 e5 6. Nf3 Nbd7 7. 0-0 Be7 8. Kh1 0-0 9. Qe1 Re8 10. Bd2 Qc7 11. h3 a5 12. Qf2 exd4 13. Nxd4 Nc5 14. Rae1 Nxd3 15. cxd3 Bf8 16. Nf3 Bd7 17. d4 b5 18. e5 Nd5 19. Nxd5 cxd5 20. g4 b4 21. f5 dxe5 22. Nxe5 Bb5 23. Rc1 Qb6 24. Rfe1 Bd6 25. Qh4 Qxd4 26. Nf3 Qd3 27. Qf2 d4 28. Kg2 Rxe1 29. Nxe1 Qe4+ 30. Qf3 Bf1+ 31. Kxf1 1-0

[Event "Rewal op-B 14th"]
[Site "Rewal"]
[Date "2009.08.22"]
[Round "3"]
[White "Dobrowolski, Marcin"]
[Black "Gorol, Jacek"]
[Result "1-0"]
[WhiteElo "1948"]
[BlackElo "1639"]
[PlyCount "107"]
[EventDate "2009.08.20"]
[EventType "swiss"]
[EventRounds "9"]
[EventCountry "POL"]
[SourceTitle "EXT 2011"]
[Source "ChessBase"]
[SourceDate "2010.11.26"]
[SourceVersion "1"]
[SourceVersionDate "2010.11.26"]
[SourceQuality "1"]

1. d4 Nf6 2. c4 g6 3. Nc3 Bg7 4. e4 d6 5. Nf3 0-0 6. Be2 c6 7. 0-0 a6 8. a4 a5 9. h3 Na6 10. Bg5 h6 11. Be3 Nb4 12. Qd2 Kh7 13. Rad1 Qc7 14. Kh1 b6 15. d5 cxd5 16. cxd5 Nd7 17. Nd4 Nc5 18. Bb5 Ba6 19. Qe2 Bxb5 20. Ndxb5 Qb7 21. Bd4 f6 22. f4 Nb3 23. f5 g5 24. Bf2 Rac8 25. Nd4 Nxd4 26. Bxd4 Na6 27. Qb5 Nc5 28. Bxc5 Rxc5 29. Qd3 Rfc8 30. Rc1 Rc4 31. b3 R4c5 32. Ne2 Qd7 33. Qa6 Qd8 34. Qd3 h5 35. g4 Qe8 36. Qd2 Bh6 37. Nd4 Qd7 38. Ne6 Rxc1 39. Rxc1 b5 40. axb5 Rxc1+ 41. Qxc1 Qxb5 42. Qc4 Qxc4 43. bxc4 hxg4 44. hxg4 Kg8 45. Kg2 Kf7 46. Kf3 a4 47. Ke3 a3 48. Nd4 e5 49. dxe6+ Ke8 50. Kd3 Bf8 51. Kc3 Kd8 52. Nc6+ Ke8 53. Kb3 Be7 54. Nxe7 1-0

[Event "Kowalewo Pomorskie op-B 16th"]
[Site "Kowalewo Pomorskie"]
[Date "2009.07.07"]
[Round "5"]
[White "Mazalon, Mateusz"]
[Black "Dobrowolski, Marcin"]
[Result "0-1"]
[WhiteElo "1783"]
[BlackElo "1948"]
[PlyCount "50"]
[EventDate "2009.07.04"]
[EventType "swiss"]
[EventRounds "9"]
[EventCountry "POL"]
[SourceTitle "EXT 2011"]
[Source "ChessBase"]
[SourceDate "2010.11.26"]
[SourceVersion "1"]
[SourceVersionDate "2010.11.26"]
[SourceQuality "1"]

1. e4 d6 2. d4 Nf6 3. Nc3 g6 4. Bg5 Nbd7 5. Qd2 c6 6. 0-0-0 b5 7. f3 b4 8. Nb1 a5 9. Bc4 Nb6 10. Bd3 Be6 11. Bxf6 exf6 12. b3 d5 13. Ne2 Qc7 14. h4 h5 15. Kb2 Bh6 16. Qe1 Qa7 17. Nc1 Nd7 18. Qf2 a4 19. Ka1 Bg7 20. Rhe1 f5 21. Bf1 dxe4 22. fxe4 0-0 23. Qe3 Nc5 24. e5 axb3 25. dxc5 Qxa2+ 0-1